000 00659nam a2200277Ia 4500
005 20260121124554.0
008 008 260114s9999 xx 000 0 eng d
020 _a9780674242975
037 _aEBOOK
040 _aCRL
040 _beng
040 _cCRL
041 _2eng
041 _aeng
084 _qCRL
100 _aNussbaum, Martha C.
_9978263
245 4 _aThe Cosmopolitan Tradition
260 _bWalter de Gruyter
260 _bWalter de Gruyter
260 _c2019
650 _aPhilosophy
_9978264
856 _uhttp://www.degruyter.com/isbn/9780674242975
942 _cEBOOK
999 _c1555590
_d1555590